<?xml version="1.0" encoding="UTF-8"?>
<record
    xmlns:xsi="http://www.w3.org/2001/XMLSchema-instance"
    xsi:schemaLocation="http://www.loc.gov/MARC21/slim http://www.loc.gov/standards/marcxml/schema/MARC21slim.xsd"
    xmlns="http://www.loc.gov/MARC21/slim">

  <leader>00468nam a2200169Ia 4500</leader>
  <controlfield tag="008">230612s9999    xx            000 0 und d</controlfield>
  <datafield tag="041" ind1=" " ind2=" ">
    <subfield code="a">eng</subfield>
  </datafield>
  <datafield tag="082" ind1=" " ind2=" ">
    <subfield code="a">621.9023 RAD</subfield>
  </datafield>
  <datafield tag="100" ind1=" " ind2=" ">
    <subfield code="a">Radhakrishnan P.</subfield>
    <subfield code="9">128033</subfield>
  </datafield>
  <datafield tag="245" ind1=" " ind2=" ">
    <subfield code="a">Computer Numerical Control (CNC) Machines</subfield>
  </datafield>
  <datafield tag="260" ind1=" " ind2=" ">
    <subfield code="c">1992</subfield>
    <subfield code="b">New Central Book Agency</subfield>
  </datafield>
  <datafield tag="300" ind1=" " ind2=" ">
    <subfield code="a">149</subfield>
  </datafield>
  <datafield tag="365" ind1=" " ind2=" ">
    <subfield code="c">Rs.</subfield>
    <subfield code="b">65.00</subfield>
  </datafield>
  <datafield tag="700" ind1=" " ind2=" ">
    <subfield code="a">Radhakrishnan P.</subfield>
    <subfield code="9">128033</subfield>
  </datafield>
  <datafield tag="906" ind1=" " ind2=" ">
    <subfield code="d">B:93311-Dec-1992</subfield>
    <subfield code="c">COMP</subfield>
    <subfield code="b">6.5</subfield>
  </datafield>
  <datafield tag="999" ind1=" " ind2=" ">
    <subfield code="c">165582</subfield>
    <subfield code="d">165582</subfield>
  </datafield>
  <datafield tag="952" ind1=" " ind2=" ">
    <subfield code="0">0</subfield>
    <subfield code="1">0</subfield>
    <subfield code="4">0</subfield>
    <subfield code="7">0</subfield>
    <subfield code="a">CCEP</subfield>
    <subfield code="b">CCEP</subfield>
    <subfield code="d">1992-12-12</subfield>
    <subfield code="e">College Book Depot</subfield>
    <subfield code="f">COMP</subfield>
    <subfield code="g">58.50</subfield>
    <subfield code="i">933</subfield>
    <subfield code="l">0</subfield>
    <subfield code="o">621.9023 RAD</subfield>
    <subfield code="p">CCEP-BK-1300</subfield>
    <subfield code="r">2023-06-12 00:00:00</subfield>
    <subfield code="t">6.5</subfield>
    <subfield code="v">65.00</subfield>
    <subfield code="w">1992-12-11</subfield>
    <subfield code="y">BK</subfield>
    <subfield code="z">001300</subfield>
  </datafield>
</record>
